000 02194cam a2200277zu 4500
001 88931886
003 FRCYB88931886
005 20251020124002.0
006 m o d
007 cr un
008 251020s2022 fr | o|||||0|0|||fre d
020 _a9782200633202
035 _aFRCYB88931886
040 _aFR-PaCSA
_bfr
_c
_erda
100 1 _aKaufmann, Jean-Claude
245 0 1 _aLa trame conjugale
_bAnalyse du couple par son linge
_c['Kaufmann, Jean-Claude']
264 1 _bArmand Colin
_c2022
300 _a p.
336 _btxt
_2rdacontent
337 _bc
_2rdamdedia
338 _bc
_2rdacarrier
650 0 _a
700 0 _aKaufmann, Jean-Claude
856 4 0 _2Cyberlibris
_uhttps://international.scholarvox.com/netsen/book/88931886
_qtext/html
_a
520 _aLa trame conjugale n’était pas mon premier livre, mais ce fut celui qui me fit connaître. Immédiatement, il fit parler, beaucoup. Mon analyse du couple par le linge faisait rire. Plus grave, une fraction minoritaire du mouvement féministe, tenante d’une analyse en termes de guerre des sexes, vit en moi un ennemi de la cause des femmes. D’abord parce que j’étais un homme, tout simplement. Ensuite et surtout, parce qu’en analysant les processus qui reproduisent durablement l’inégalité (c’est ce qui est au centre de ce livre), j’insiste sur la mémoire historique qui pousse les femmes à agir malgré elles. Certains lecteurs pressés pourraient y voir une preuve de la différence de nature entre hommes et femmes (différence irrémédiable, pouvant alimenter les critiques contre la « théorie du genre »). Or c’est de tout le contraire qu’il s’agit. La marche vers l’égalité dépend moins à mon avis d’une guerre des femmes contre les hommes que d’un combat intérieur des uns et des autres contre la part d’eux-mêmes qui résiste. Les hommes doivent se faire violence pour prendre en charge davantage ces tâches ménagères qui ne les motivent guère. Et les femmes doivent se faire violence également, pour accepter que la vaisselle ou le repassage ne soient pas faits comme elles rêveraient qu’ils le soient. Jean-Claude Kaufmann
999 _c1555976
_d1555976